Codeine Crazy - Future (Full lyrics) - Statistics

General Stats
  • This quiz has been taken 12 times
  • The average score is 524 of 963
Answer Stats
Lyrics % Correct
Codeine
100%
codeine
100%
crazy
100%
crazy,
100%
Hahaha,
100%
I
100%
to
100%
you
100%
you,
100%
You
100%
a
90%
in
90%
me?
90%
me
90%
the
90%
The
90%
bitch
80%
nigga
80%
"Nigga,
80%
Pour
80%
pour
80%
that
80%
That
80%
too
80%
Too
80%
about
70%
an
70%
bitches
70%
'bout
70%
bubbly,
70%
bubbly
70%
drank
70%
Drink
70%
drink
70%
'em
70%
for
70%
For
70%
fuck
70%
Fuck
70%
going
70%
hear
70%
I'm
70%
it
70%
it,
70%
much,
70%
niggas,
70%
niggas
70%
them
70%
U.S.
70%
us?
70%
was
70%
We
70%
we
70%
when
70%
When
70%
all
60%
All
60%
and
60%
And
60%
at
60%
done
60%
got
60%
her
60%
lil',
60%
lil'
60%
more
60%
my
60%
on
60%
Pac
60%
She
60%
she
60%
shit,
60%
shit
60%
St.
60%
That's
60%
that's
60%
through
60%
what
60%
Yeah
60%
Yeah,
60%
yeah
60%
ain't
50%
dawg,
50%
dawg
50%
fucking
50%
get
50%
gon'
50%
is
50%
just
50%
like
50%
Like
50%
money
50%
muddy,
50%
muddy
50%
other
50%
out
50%
out,
50%
over
50%
pop
50%
pussy
50%
see
50%
See
50%
so
50%
Take
50%
take
50%
this
50%
This
50%
went
50%
AP,
40%
back,
40%
back
40%
Ballin'
40%
Biggie
40%
bottle
40%
by
40%
Cartier
40%
Chipotle
40%
come
40%
control
40%
dick,
40%
did
40%
dollars
40%
drop
40%
eat
40%
Every
40%
everything
40%
forgot
40%
fully
40%
girl,
40%
gone
40%
harder
40%
hate,
40%
it's
40%
loaded
40%
loaded,
40%
mama
40%
man
40%
model,
40%
motherfuckin'
40%
motherfucking
40%
myself
40%
name
40%
of
40%
Pacers
40%
please"
40%
Pourin'
40%
pourin'
40%
problems
40%
pull
40%
put
40%
Remindin'
40%
Rollie,
40%
Rollie
40%
shawty,
40%
should
40%
still
40%
these
40%
they
40%
They
40%
told
40%
Told
40%
took
40%
triple
40%
up
40%
used
40%
white
40%
with
40%
achieve
30%
another
30%
around
30%
around,
30%
been
30%
brain
30%
brainwashed
30%
but
30%
can't
30%
Celebrate
30%
celebrate
30%
championship
30%
Cudi,
30%
days
30%
Diamond
30%
Don't
30%
don't
30%
drinking
30%
drippin'
30%
dropped
30%
faucet
30%
glacier
30%
had
30%
have
30%
hit
30%
how
30%
Kid
30%
liquor
30%
lit
30%
living
30%
lollipop
30%
look
30%
loving
30%
making
30%
many
30%
models
30%
not
30%
or
30%
overseas
30%
pass
30%
pinky
30%
pole
30%
popped
30%
pray
30%
pressure
30%
Reminded
30%
rumors
30%
said,
30%
say
30%
seen
30%
sick
30%
sixty
30%
soakin'
30%
some
30%
Spent
30%
than
30%
thang
30%
thousand
30%
threat
30%
thuggin'
30%
'til
30%
time
30%
tired
30%
town
30%
try
30%
USD's
30%
wait
30%
washed
30%
Water
30%
whole
30%
your
30%
air
20%
believe
20%
bottles
20%
bottles,
20%
check
20%
chopper,
20%
cigarette
20%
clip
20%
closing
20%
could
20%
coupe
20%
covered
20%
cutie,
20%
demo
20%
diamonds
20%
Diamonds
20%
dived
20%
Dolce
20%
Drownin'
20%
Drying
20%
eyes,
20%
fall
20%
fallin'
20%
fold
20%
Ford,
20%
Gabbana
20%
gettin'
20%
heart
20%
hide
20%
homicide
20%
I'ma
20%
inside
20%
jeweler
20%
know
20%
kush
20%
Let's
20%
let's
20%
Looking
20%
lovely
20%
Madonna
20%
Married
20%
memo
20%
millions
20%
mollies
20%
never
20%
Never
20%
now
20%
Oak
20%
patience
20%
pay
20%
phone,
20%
poppin'
20%
putting
20%
reply
20%
Rick
20%
ring
20%
Royal
20%
Ruler
20%
scene,
20%
shoot
20%
soul
20%
spoonin'
20%
streets
20%
sucked
20%
suicide
20%
summer
20%
tear
20%
tell
20%
thought
20%
Tom
20%
treating
20%
tryna
20%
under
20%
we're
20%
yourself
20%
Actavis,
10%
addict
10%
after
10%
Audemars,
10%
bogus
10%
bond
10%
call
10%
Celebrating
10%
celibate
10%
children
10%
codes
10%
colder
10%
companion
10%
complaining
10%
crack
10%
dealers
10%
Dom
10%
driving
10%
even
10%
fame,
10%
feeling
10%
from
10%
Fucked
10%
ghetto
10%
hounds
10%
Hummer
10%
lean
10%
lesson,
10%
live
10%
low
10%
might
10%
mula
10%
nowhere
10%
ones
10%
order
10%
panoramic
10%
pedal
10%
Pérignon,
10%
Playin'
10%
poker,
10%
pounds
10%
probably
10%
road,
10%
Rockin'
10%
rounds,
10%
serve
10%
sipping
10%
Sittin'
10%
Smoke
10%
Stroker
10%
taking
10%
talk,
10%
Tropez-in'
10%
tryin'
10%
waitin'
10%
whip
10%
Abu
0%
arraignment
0%
brown,
0%
carnival,
0%
cash
0%
chauffeured
0%
comment
0%
corrupted
0%
Dhabi,
0%
down
0%
dropping
0%
faint
0%
faint,
0%
flew
0%
Fronted
0%
goonie
0%
gotta
0%
grew
0%
grounds
0%
guns
0%
Hublot,
0%
intellect
0%
'Lac
0%
lingo
0%
off
0%
pack
0%
panic,
0%
panties
0%
partner
0%
pint,
0%
Run
0%
sewer
0%
straight
0%
Strapped
0%
upon
0%
wrap
0%
No matching quizzes found
Score Distribution
Percent of People with Each Score
Percentile by Number Answered
Your Score History
You have not taken this quiz